书目信息 |
| 题名: |
功能高分子材料学
|
|
| 作者: | 李青山 著 | |
| 分册: | ||
| 出版信息: | 北京 机械工业出版社 2008.12 |
|
| 页数: | 317页 | |
| 开本: | 28cm | |
| 丛书名: | ||
| 单 册: | ||
| 中图分类: | TB324 | |
| 科图分类: | ||
| 主题词: | 非金属材料 | |
| 电子资源: | ||
| ISBN: | 978-7-111-24404-2 | |
| 000 | 00665 nam 000241 | |
| 001 | 0100011626 | |
| 005 | 20101207081847.85 | |
| 010 | @a978-7-111-24404-2@dCNY34.00 | |
| 100 | @a20091029d2003 em y0chiy0121 ea | |
| 101 | @achi | |
| 102 | @aCN@b110000 | |
| 105 | @ay z 000yy | |
| 200 | 10 | @a功能高分子材料学@9gong neng gao fen zi cai liao xue@f李青山著@Fli qing shan zhu |
| 205 | @a版 | |
| 210 | @a北京@c机械工业出版社@d2008.12 | |
| 215 | @a317页@d28cm | |
| 540 | @a功能高分子材料学 | |
| 606 | @a非金属材料 | |
| 690 | @aTB324@v4 | |
| 701 | 0 | @a李青山@9li qing shan@4著 |
| 801 | @aCN@c20101207 | |
| 901 | @a209121 | |
| 905 | @b937287-88@dTB324@eL2301@f2 | |
| 功能高分子材料学/李青山著.-版.-北京:机械工业出版社,2008.12 |
| 317页;28cm |
| ISBN 978-7-111-24404-2:CNY34.00 |
| ● |
| 相关链接 |
|
|
|
正题名:功能高分子材料学
索取号:TB324/L2301
 
预约/预借
| 序号 | 登录号 | 条形码 | 馆藏地/架位号 | 状态 | 备注 |
| 1 | 824982 | 208249821 | 材料与化工学院资料室/ [索取号:TB324/L2301] | 在馆 | |
| 2 | 937287 | 209372873 | 期刊室512/501自科库 13排1列4层/ [索取号:TB324/L2301] | 在馆 | |
| 3 | 937288 | 209372882 | 自科库501/501自科库 13排1列4层/ [索取号:TB324/L2301] | 在馆 |